Not-So-General Knowledge Quiz - Statistics

General Stats
  • This quiz has been taken 11 times
  • The average score is 3 of 16
Answer Stats
Question Answer % Correct
In what month in 1745 did Bonnie Prince Charlie, against his will, halt his invasion of England at Derby and retreat back to Scotland? December
82%
What is the second-largest city in Massachusetts as of 2021? Worcester
36%
Who was Poet Laureate of Great Britain from 2009-2019? Carol Ann Duffy
18%
Under what assumed name does Éowyn ride to war in The Return of the King? Dernhelm
18%
What, supposedly, was the last word Napoleon ever spoke? Joséphine
18%
What doomed Shakespearean monarch proclaims in defiance: "Not all the water in the rough rude sea/Can wash the balm from an anointed king"? Richard II
18%
What was the title of J. R. R. Tolkien's famous 1936 lecture on Beowulf? Beowulf: The Monsters and the Critics
9%
Where is Daphne du Maurier's story "The Birds" set? Cornwall
9%
Who was the last heuy tlatoani of the Mexica? Cuauhtémoc
9%
Whose lines are these: "Read history: so learn your place in Time/And go to sleep: all this was done before"? Edna St. Vincent Millay
9%
Who was Baldr's son according to Snorri Sturluson? Forseti
9%
What is the translation of "Resurgam," the Latin motto of the city of Portland in Maine? I will rise again
9%
What is the typical French translation of "Der Tod und das Mädchen"? La jeune fille et la mort
9%
Whom did Plato call the "tenth Muse"? Sappho
9%
What is beauty, according to Julian Morrow? Terror
9%
Where is Isle La Motte? Vermont
9%
No matching quizzes found
Score Distribution
Percent of People with Each Score
Percentile by Number Answered
Your Score History
You have not taken this quiz